[Event "Niedersachsen-ch op C"]
[Site "Verden"]
[Date "2018.01.06"]
[Round "5"]
[White "Vianden, Ella"]
[Black "Rehpenn, Tom"]
[Result "1-0"]
[WhiteElo "1107"]
[BlackElo "918"]
[PlyCount "35"]
[EventDate "2018.01.04"]
[EventType "swiss"]
[EventRounds "7"]
[EventCountry "GER"]
[SourceTitle "EXT 2022"]
[Source "ChessBase"]
[SourceDate "2021.10.06"]
[SourceVersion "1"]
[SourceVersionDate "2021.10.06"]
[SourceQuality "1"]

1. e4 e5 2. Nf3 Nc6 3. Bb5 Bb4 4. c3 Bc5 5. 0-0 d6 6. d4 Bb6 7. d5 Bg4 8. dxc6 bxc6 9. Bxc6+ Kf8 10. Bxa8 Bxf3 11. Qxf3 Qh4 12. Bd5 Nh6 13. Bxh6 Ke8 14. Qxf7+ Kd8 15. Qxg7 Re8 16. Bg5+ Re7 17. Qxe7+ Kc8 18. Qd8# 1-0